000 02044nam a2200337 a 4500
001 000002924
005 20250716133206.0
008 090706s1999 dr a s001 0 spa d
040 _aDO-SdBNP
_bspa
_cBNPHU
082 _a307.72097293
_bC961q
245 0 0 _aCuando se quiere se puede :
_bproceso de sistematización de experiencia social /
_cprólogo Paolo Oberti.
260 _aSanto Domingo :
_bPrograma de Desarrollo Humano Sostenible Local,
_c1999.
300 _a218 p. :
_bil. ;
_c23 cm.
500 _aIncluye índice
505 0 _aDescripción de la experiencia -- ¿Por qué y para qué? Importancia de sistematizar la experiencia social del PDHSL -- Metodología de la sistematización -- Análisis de la experiencia social del PDHSL -- Conclusiones y sugerencias generales del proceso de sistematización -- Anexos -- Programas de los Seminarios --Talleres del proceso de sistematición de la experiencia social del PDHSL, Subregión Enriquillo -- Encuesta aplicada a personas pertenecientes a organizaciones de la Subregión Enriquillo -- Entrevistas sobre el PDHSL, Subregión Enriquillo.
590 _aInventariado,2018/DG
650 4 _aDesarrollo de la comunidad
_zRepública Dominicana
_zSubregion Enriquillo
_99283
650 4 _aDesarrollo rural
_zRepública Dominicana
_zSubregión Enriquillo
_99284
650 4 _aParticipación social
_zRepública Dominicana
_zSubregion Enriquillo
_99285
650 4 _aAsistencia técnica
_99286
650 0 _aSociología rural
_99287
651 4 _aRepública Dominicana
_xParticipación Ciudadana
_99288
650 0 _a Acción social
_99289
650 0 _aProblemas sociales
_99290
700 1 _aOberti, Paolo
_99291
710 2 _aPrograma de Desarrollo Humano Sostenible Local (República Dominicana)
_99292
710 1 _aRepública Dominicana.
_bOficina Nacional de Planificación
_99293
710 2 _aPrograma de las Naciones Unidas para el Desarrollo
_9187
710 2 _aOficina de Servicios para Proyectos de las Naciones Unidas
_99294
910 _aValidado. Control de calidad. MMOLINA
999 _c2757
_d2757